{"text_format":"3","workbook":"xlsx","n_sheets":1,"sheets":["Sheet1"],"read":"whole","date_system":"1900"}

{"sheet":"Sheet1","index":0,"n_rows":149,"n_cols":9,"rows_kept":149,"merged":[[0,1,0,7],[1,1,1,7],[2,1,2,7]]}
[null,"DIRECCION DE LOGISTICA"]
[null,"GERENCIA DE ALMACEN"]
[null,"Relación de inventario Periodo Octubre- Diciembre 2024"]
[]
[]
["Fecha de contabilización","Fecha de entrada","Centro","Material","Texto breve de material","Unidad de medida","Cantidad","Precio U","Importe ML"]
["2024-10-22","2024-10-11","2000","10001954","BOTAS SEGURIDAD NO. 37","C/U",5,{"v":2916.4166666666665,"d":"2,916"},{"v":17498.5,"d":"17,498.50"}]
["2024-11-15","2024-11-15","2000","10002022","LLAVE DE CHORRO DE 3/4PULG.","C/U",10,{"v":402.002,"d":"402"},{"v":4020.02,"d":"4,020.02"}]
["2024-11-26","2024-11-26","2000","10003469","PERFORADORA DE DOS HOYOS","UN",30,{"v":230.00566666666666,"d":"230"},{"v":6900.17,"d":"6,900.17"}]
["2024-11-26","2024-11-26","2000","10004598","SACA GRAPA","UN",60,{"v":19.505333333333333,"d":"20"},{"v":1170.32,"d":"1,170.32"}]
["2024-11-15","2024-11-15","2000","10008343","TORNILLO 10 X 50MM P/SIST. ENFRIAMIENTO","UN",25,{"v":368.39599999999996,"d":"368"},{"v":9209.9,"d":"9,209.90"}]
["2024-11-15","2024-11-15","2000","10011691","TEFLON 0.2MM x 19MM x 10M","UN",20,{"v":23.116,"d":"23"},462.32]
["2024-10-28","2024-10-28","2000","10013341","SENSOR DE PROXIMIDAD 6-60V/2-100M","UN",10,{"v":27140,"d":"27,140"},{"v":271400,"d":"271,400.00"}]
["2024-11-26","2024-11-26","2000","10013540","TIJERAS GRANDE","UN",100,{"v":30.503,"d":"31"},{"v":3050.3,"d":"3,050.30"}]
["2024-12-13","2024-12-13","2000","10013705","GOMAS 255-70 R15 AT","UN",4,{"v":10129.12,"d":"10,129"},{"v":40516.48,"d":"40,516.48"}]
["2024-12-13","2024-12-13","2000","10013705","GOMAS 255-70 R15 AT","UN",4,{"v":10129.12,"d":"10,129"},{"v":40516.48,"d":"40,516.48"}]
["2024-11-26","2024-11-26","2000","10013896","CARPETAS DE 3\"","UN",50,{"v":218.005,"d":"218"},{"v":10900.25,"d":"10,900.25"}]
["2024-11-26","2024-11-26","2000","10013945","GRAPAS","CJ",200,{"v":32.001599999999996,"d":"32"},{"v":6400.32,"d":"6,400.32"}]
["2024-11-26","2024-11-26","2000","10013952","RESALTADORES","CJ",100,{"v":142.80360000000002,"d":"143"},{"v":14280.36,"d":"14,280.36"}]
["2024-11-26","2024-11-26","2000","10013955","CINTA ADHESIVA TRANSP. 3M","UN",100,{"v":68.0034,"d":"68"},{"v":6800.34,"d":"6,800.34"}]
["2024-11-26","2024-11-26","2000","10013957","BANDITAS DE GOMAS","UN",200,{"v":26.007199999999997,"d":"26"},{"v":5201.44,"d":"5,201.44"}]
["2024-12-13","2024-12-13","2000","10014061","Gomas 245/70-R16 H/T","UN",4,{"v":8971.54,"d":"8,972"},{"v":35886.16,"d":"35,886.16"}]
["2024-12-13","2024-12-13","2000","10014061","Gomas 245/70-R16 H/T","UN",4,{"v":8971.54,"d":"8,972"},{"v":35886.16,"d":"35,886.16"}]
["2024-12-13","2024-12-13","2000","10014064","GOMAS 255/70 R16 BRIDGESTONE DUELER H/T","UN",4,{"v":9417.58,"d":"9,418"},{"v":37670.32,"d":"37,670.32"}]
["2024-12-13","2024-12-13","2000","10014064","GOMAS 255/70 R16 BRIDGESTONE DUELER H/T","UN",4,{"v":9417.58,"d":"9,418"},{"v":37670.32,"d":"37,670.32"}]
["2024-12-10","2024-12-10","2000","10014075","ESCOBAS PLASTICAS","UN",90,{"v":123.782,"d":"124"},{"v":11140.38,"d":"11,140.38"}]
["2024-12-30","2024-12-30","2000","10014078","DESINFECTANTE LIQUIDO","GAL",219,{"v":84.96000000000001,"d":"85"},{"v":18606.24,"d":"18,606.24"}]
["2024-12-10","2024-12-10","2000","10014078","DESINFECTANTE LIQUIDO","GAL",96,{"v":84.96,"d":"85"},{"v":8156.16,"d":"8,156.16"}]
["2024-11-15","2024-11-15","2000","10014132","CEMENTO BLANCO","UN",10,{"v":120.006,"d":"120"},{"v":1200.06,"d":"1,200.06"}]
["2024-11-15","2024-11-15","2000","10014180","BOQUILLA METAL P/LAVAMANO AUTOMATICO","UN",25,{"v":296.5224,"d":"297"},{"v":7413.06,"d":"7,413.06"}]
["2024-11-15","2024-11-15","2000","10014181","LLAVE ANGULAR","UN",10,{"v":220.79000000000002,"d":"221"},{"v":2207.9,"d":"2,207.90"}]
["2024-11-15","2024-11-15","2000","10014181","LLAVE ANGULAR","UN",10,{"v":221.993,"d":"222"},{"v":2219.93,"d":"2,219.93"}]
["2024-10-23","2024-10-23","2000","10014522","AZUCAR CREMA","LB",{"v":2250,"d":"2,250"},{"v":33.605199999999996,"d":"34"},{"v":75611.7,"d":"75,611.70"}]
["2024-10-28","2024-10-28","2000","10014532","SALAMI INDUVECA SUPER ESPECIAL","UN",110,410,{"v":45100,"d":"45,100.00"}]
["2024-11-26","2024-11-26","2000","10014596","CARPETAS DE 5\".","UN",50,{"v":321.0072,"d":"321"},{"v":16050.36,"d":"16,050.36"}]
["2024-11-15","2024-11-15","2000","10014662","VALVULA FLUXOMETRO P/ORINAL C/SENSOR","UN",5,{"v":6129.864,"d":"6,130"},{"v":30649.32,"d":"30,649.32"}]
["2024-12-10","2024-12-10","2000","10015014","SUAPE DE ALGODON","UN",120,{"v":158.12,"d":"158"},{"v":18974.4,"d":"18,974.40"}]
["2024-11-15","2024-11-15","2000","10015762","PERA D/DESCARGA P/INODORO","UN",20,{"v":88.795,"d":"89"},{"v":1775.9,"d":"1,775.90"}]
["2024-11-15","2024-11-15","2000","10015762","PERA D/DESCARGA P/INODORO","UN",20,{"v":1351.1,"d":"1,351"},{"v":27022,"d":"27,022.00"}]
["2024-11-15","2024-11-15","2000","10015768","TORNILLO P/BACINETA","UN",25,{"v":31.2936,"d":"31"},782.34]
["2024-11-26","2024-11-26","2000","10015843","PRENSA TERMINALES AWG#8 -4/0","UN",1,{"v":21240,"d":"21,240"},{"v":21240,"d":"21,240.00"}]
["2024-11-26","2024-11-26","2000","10016131","UHU LIQUIDO","UN",135,{"v":80.004,"d":"80"},{"v":10800.54,"d":"10,800.54"}]
["2024-11-26","2024-11-26","2000","10016132","UHU BARRA","UN",140,{"v":77.99799999999999,"d":"78"},{"v":10919.72,"d":"10,919.72"}]
["2024-10-28","2024-10-28","2000","10016364","ARENQUE","CJ",20,{"v":2500,"d":"2,500"},{"v":50000,"d":"50,000.00"}]
["2024-10-28","2024-10-28","2000","10016376","SALDINAS","CJ",22,{"v":1650,"d":"1,650"},{"v":36300,"d":"36,300.00"}]
["2024-10-28","2024-10-28","2000","10016463","ACEITE CRISOL LIGERO","CJ",11,{"v":4390.599999999999,"d":"4,391"},{"v":48296.6,"d":"48,296.60"}]
["2024-10-28","2024-10-28","2000","10016464","CALDO DE POLLO","CJ",2,{"v":9100.16,"d":"9,100"},{"v":18200.32,"d":"18,200.32"}]
["2024-10-28","2024-10-28","2000","10016465","CHOCOLATE EMBAJADOR","CJ",5,{"v":6000.3,"d":"6,000"},{"v":30001.5,"d":"30,001.50"}]
["2024-10-28","2024-10-28","2000","10016466","GUANDULES ENLATADO","CJ",18,{"v":1550.52,"d":"1,551"},{"v":27909.36,"d":"27,909.36"}]
["2024-10-28","2024-10-28","2000","10016471","SAZON LIQUIDO RANCHERO","CJ",6,{"v":1264.96,"d":"1,265"},{"v":7589.76,"d":"7,589.76"}]
["2024-10-28","2024-10-28","2000","10016475","SAL PRIMIUM","CJ",3,{"v":710.36,"d":"710"},{"v":2131.08,"d":"2,131.08"}]
["2024-10-28","2024-10-28","2000","10016476","SALSA LA FAMOSA","CJ",3,{"v":2200.7000000000003,"d":"2,201"},{"v":6602.1,"d":"6,602.10"}]
["2024-10-28","2024-10-28","2000","10016477","VINAGRE","CJ",6,{"v":539.9916666666667,"d":"540"},{"v":3239.95,"d":"3,239.95"}]
["2024-11-26","2024-11-26","2000","10016503","MEMORIA USB 32 GB 3.0","UN",60,{"v":288.00266666666664,"d":"288"},{"v":17280.16,"d":"17,280.16"}]
["2024-12-04","2024-12-04","2000","10016515","BOTAS DE SEGURIDAD no.37","UN",2,{"v":2916.415,"d":"2,916"},{"v":5832.83,"d":"5,832.83"}]
["2024-12-05","2024-12-05","2000","10016667","BATERIA","UN",4,{"v":29830.4,"d":"29,830"},{"v":119321.6,"d":"119,321.60"}]
["2024-11-29","2024-11-29","2000","10016667","BATERIA","UN",4,{"v":29830.4,"d":"29,830"},{"v":119321.6,"d":"119,321.60"}]
["2024-11-15","2024-11-15","2000","10017266","BOQUILLA","UN",20,{"v":143.95999999999998,"d":"144"},{"v":2879.2,"d":"2,879.20"}]
["2024-12-10","2024-12-10","2000","10017317","CLORO","GAL",335,{"v":61.35999999999999,"d":"61"},{"v":20555.6,"d":"20,555.60"}]
["2024-11-15","2024-11-15","2000","10017704","LLAVE FREGADERO","UN",10,{"v":602.331,"d":"602"},{"v":6023.31,"d":"6,023.31"}]
["2024-10-23","2024-10-23","2000","10018271","JUEGO DE GALGAS","UN",1,{"v":6005.02,"d":"6,005"},{"v":6005.02,"d":"6,005.02"}]
["2024-10-16","2024-10-16","2000","10018271","JUEGO DE GALGAS","UN",1,{"v":6005.02,"d":"6,005"},{"v":6005.02,"d":"6,005.02"}]
["2024-11-26","2024-11-26","2000","10018554","MOTOR ELECTRICO TRIFAC. 0.75KW 4POLO","UN",1,{"v":35400,"d":"35,400"},{"v":35400,"d":"35,400.00"}]
["2024-11-26","2024-11-26","2000","10018987","PAPEL BOND 8 ½ X 11","CA",140,{"v":1876.2,"d":"1,876"},{"v":262668,"d":"262,668.00"}]
["2024-11-26","2024-11-26","2000","10018996","SOBRE DE CARTA BLANCA","CA",3,{"v":750.0066666666667,"d":"750"},{"v":2250.02,"d":"2,250.02"}]
["2024-11-26","2024-11-26","2000","10019002","POST-IT 3 X 3","DOC",50,{"v":195.84459999999999,"d":"196"},{"v":9792.23,"d":"9,792.23"}]
["2024-11-26","2024-11-26","2000","10019004","POST IT BANDERITAS AUTO ADHESIVAS 25M","DOC",50,{"v":36.108000000000004,"d":"36"},{"v":1805.4,"d":"1,805.40"}]
["2024-11-26","2024-11-26","2000","10019007","LAPIZ DE CARBON","CA",150,{"v":44.75,"d":"45"},{"v":6712.5,"d":"6,712.50"}]
["2024-11-26","2024-11-26","2000","10019008","LAPICERO AZUL","CA",200,53,{"v":10600,"d":"10,600.00"}]
["2024-11-26","2024-11-26","2000","10019011","MARCADORES INDELEBLES","CA",100,{"v":106.8018,"d":"107"},{"v":10680.18,"d":"10,680.18"}]
["2024-11-26","2024-11-26","2000","10019016","FOLDER DE COLORES 8 ½ X 11","CA",50,{"v":576.0052,"d":"576"},{"v":28800.26,"d":"28,800.26"}]
["2024-11-26","2024-11-26","2000","10019019","CLIPS PEQUEÑOS","CA",100,{"v":10.0064,"d":"10"},{"v":1000.64,"d":"1,000.64"}]
["2024-11-26","2024-11-26","2000","10019020","CLIPS GRANDES","CA",100,{"v":25.5588,"d":"26"},{"v":2555.88,"d":"2,555.88"}]
["2024-11-26","2024-11-26","2000","10019021","CLIP BILLETERO PEQUEÑO DE 19 MM","CA",130,{"v":20.001,"d":"20"},{"v":2600.13,"d":"2,600.13"}]
["2024-11-26","2024-11-26","2000","10019022","CLIP BILLETERO GRANDE DE 51 MM","CA",130,{"v":106.318,"d":"106"},{"v":13821.34,"d":"13,821.34"}]
["2024-11-26","2024-11-26","2000","10019023","CLIP BILLETERO MEDIANO DE 32 MM","CA",140,{"v":38.60957142857143,"d":"39"},{"v":5405.34,"d":"5,405.34"}]
["2024-11-26","2024-11-26","2000","10019027","BANDEJA DE ESCRITORIO","UN",150,{"v":146.0014,"d":"146"},{"v":21900.21,"d":"21,900.21"}]
["2024-11-26","2024-11-26","2000","10019031","CARPETAS DE 1\"","UN",50,{"v":132.0066,"d":"132"},{"v":6600.33,"d":"6,600.33"}]
["2024-11-26","2024-11-26","2000","10019039","PORTA HOJA CON CLIP","UN",150,{"v":182.0032,"d":"182"},{"v":27300.48,"d":"27,300.48"}]
["2024-12-10","2024-12-10","2000","10019048","ACE","LB",100,{"v":82.6,"d":"83"},{"v":8260,"d":"8,260.00"}]
["2024-11-15","2024-11-15","2000","10019058","MANGUERA LAVAMANOS","UN",25,{"v":193.18959999999998,"d":"193"},{"v":4829.74,"d":"4,829.74"}]
["2024-10-28","2024-10-28","2000","10019269","AVENA ENTERA 2 LIB","FAR",5,{"v":1920,"d":"1,920"},{"v":9600,"d":"9,600.00"}]
["2024-10-28","2024-10-28","2000","10019270","ESPAGUETIS","FAR",23,700,{"v":16100,"d":"16,100.00"}]
["2024-10-28","2024-10-28","2000","10019271","ARROZ","SAC",56,{"v":1450,"d":"1,450"},{"v":81200,"d":"81,200.00"}]
["2024-10-28","2024-10-28","2000","10019273","HABICHUELAS","SAC",5,{"v":5099.969999999999,"d":"5,100"},{"v":25499.85,"d":"25,499.85"}]
["2024-11-26","2024-11-26","2000","10019282","CINTA ADHESIVA ANCHAS DE 2 PULG.","UN",100,{"v":41.925399999999996,"d":"42"},{"v":4192.54,"d":"4,192.54"}]
["2024-10-16","2024-10-16","2000","10019391","CAFE MOLIDO 20/1","FAR",38,{"v":4988,"d":"4,988"},{"v":189544,"d":"189,544.00"}]
["2024-12-10","2024-12-10","2000","10019399","FUNDAS DE 55 GALONES NEGRA","FAR",50,{"v":381.14,"d":"381"},{"v":19057,"d":"19,057.00"}]
["2024-12-10","2024-12-10","2000","10019400","FUNDAS DE 30 GALONES NEGRA","FAR",200,{"v":261.96,"d":"262"},{"v":52392,"d":"52,392.00"}]
["2024-11-26","2024-11-26","2000","10019412","TAPE DOBLE CARA","UN",100,{"v":38.999,"d":"39"},{"v":3899.9,"d":"3,899.90"}]
["2024-12-10","2024-12-10","2000","10019485","FUNDAS DE 3 GALONES","FAR",150,{"v":99.12,"d":"99"},{"v":14868,"d":"14,868.00"}]
["2024-10-28","2024-10-28","2000","10019552","HARINA DE MAIZ","FAR",10,{"v":1150,"d":"1,150"},{"v":11500,"d":"11,500.00"}]
["2024-11-26","2024-11-26","2000","10019579","LAPIZ DE COLORES","CA",70,27,{"v":1890,"d":"1,890.00"}]
["2024-10-28","2024-10-28","2000","10020528","SALCHICHA JAJAJA","CA",20,{"v":1500,"d":"1,500"},{"v":30000,"d":"30,000.00"}]
["2024-10-28","2024-10-28","2000","10020529","LECHE EN POLVO 360 GRAMO 24/1","CA",8,{"v":6000,"d":"6,000"},{"v":48000,"d":"48,000.00"}]
["2024-11-15","2024-11-15","2000","10022490","LLAVE DE CHORRO DE 1/2''","UN",10,{"v":357.658,"d":"358"},{"v":3576.58,"d":"3,576.58"}]
["2024-12-13","2024-12-13","2000","10022856","GOMA 265/65 R17 H/T","UN",4,{"v":9862.44,"d":"9,862"},{"v":39449.76,"d":"39,449.76"}]
["2024-11-15","2024-11-15","2000","10022865","CEMENTO PVC","UN",10,{"v":1478.398,"d":"1,478"},{"v":14783.98,"d":"14,783.98"}]
["2024-12-13","2024-12-13","2000","10025762","GOMAS 265-65-R17 A/T","UN",92,{"v":10406.42,"d":"10,406"},{"v":957390.64,"d":"957,390.64"}]
["2024-12-13","2024-12-13","2000","10025762","GOMAS 265-65-R17 A/T","UN",48,{"v":10406.42,"d":"10,406"},{"v":499508.16,"d":"499,508.16"}]
["2024-11-15","2024-11-15","2000","10025786","TALONARIO DE DESPACHO COMBUSTIBLE","UN",80,{"v":213.00175,"d":"213"},{"v":17040.14,"d":"17,040.14"}]
["2024-11-14","2024-11-14","2000","10026192","ACEITE MINERAL ISO 68 (TANQUE 55GL)","UN",17,{"v":76594.98,"d":"76,595"},{"v":1302114.66,"d":"1,302,114.66"}]
["2024-12-30","2024-12-30","2000","10027065","BATERIA 12V 1300CCA","UN",20,{"v":49500.009000000005,"d":"49,500"},{"v":990000.18,"d":"990,000.18"}]
["2024-12-11","2024-12-30","2000","10027065","BATERIA 12V 1300CCA","UN",20,{"v":49500.009000000005,"d":"49,500"},{"v":990000.18,"d":"990,000.18"}]
["2024-10-31","2024-10-31","2000","10028530","LAMPARA LED IP66","UN",50,{"v":379.901,"d":"380"},{"v":18995.05,"d":"18,995.05"}]
["2024-11-08","2024-11-08","2000","10029287","VALVULA DIRECCIONAL 4/2","UN",2,{"v":59000,"d":"59,000"},{"v":118000,"d":"118,000.00"}]
["2024-11-08","2024-11-08","2000","10029287","VALVULA DIRECCIONAL 4/2","UN",2,{"v":59000,"d":"59,000"},{"v":118000,"d":"118,000.00"}]
["2024-10-28","2024-10-28","2000","10029648","TRANSFORMADOR MONOFASICO DE 480a230","UN",2,{"v":40120,"d":"40,120"},{"v":80240,"d":"80,240.00"}]
["2024-11-05","2024-11-05","2000","10030720","TRANSMISION  AUTOMATICA ISUZU D-MAX 2012","UN",1,{"v":177499.99,"d":"177,500"},{"v":177499.99,"d":"177,499.99"}]
["2024-11-05","2024-11-05","2000","10030720","TRANSMISION  AUTOMATICA ISUZU D-MAX 2012","UN",1,{"v":177499.99,"d":"177,500"},{"v":177499.99,"d":"177,499.99"}]
["2024-10-08","2024-10-08","2000","10031175","CÉLULA DE CARGA Modelo: CBB-2.0 / 5.0  ","UN",2,{"v":118737.5,"d":"118,738"},{"v":237475,"d":"237,475.00"}]
["2024-10-08","2024-10-08","2000","10031176","CÉLULA DE CARGA Modelo: CBB-2.0 / 5.0","UN",2,{"v":108412.5,"d":"108,413"},{"v":216825,"d":"216,825.00"}]
["2024-11-15","2024-11-15","2000","10031605","LLAVES ANGULARES DOBLE DE 3/8 PULGS.","UN",10,{"v":157.2,"d":"157"},{"v":1572,"d":"1,572.00"}]
["2024-11-15","2024-11-15","2000","10031606","LLAVES ANGULARES DOBLE DE 1/2 PULG","UN",10,{"v":339.592,"d":"340"},{"v":3395.92,"d":"3,395.92"}]
["2024-11-15","2024-11-15","2000","10031607","MANGUERAS PARA INODOROS 7/8*3/8*20 PULG.","UN",25,{"v":210.0048,"d":"210"},{"v":5250.12,"d":"5,250.12"}]
["2024-11-15","2024-11-15","2000","10031608","MANGUERA FREGADERO LARGA1/2*3*8*30 PULG","UN",25,{"v":179.20680000000002,"d":"179"},{"v":4480.17,"d":"4,480.17"}]
["2024-11-15","2024-11-15","2000","10031804","SIFON SENCILLO 1 1/2\"","UN",20,{"v":644.3979999999999,"d":"644"},{"v":12887.96,"d":"12,887.96"}]
["2024-12-13","2024-12-13","2000","10032058","GOMAS 7.00R16 LT","UN",42,{"v":11025.92,"d":"11,026"},{"v":463088.64,"d":"463,088.64"}]
["2024-12-13","2024-12-13","2000","10032058","GOMAS 7.00R16 LT","UN",33,{"v":11025.92,"d":"11,026"},{"v":363855.36,"d":"363,855.36"}]
["2024-11-15","2024-11-15","2000","10032168","TALONARIO REPORTE DE PRESA","UN",8,{"v":1099.99625,"d":"1,100"},{"v":8799.97,"d":"8,799.97"}]
["2024-11-15","2024-11-15","2000","10032169","TALONARIO REPORTE DE SALA DE CONTROL","UN",11,{"v":4735.410909090909,"d":"4,735"},{"v":52089.52,"d":"52,089.52"}]
["2024-11-15","2024-11-15","2000","10032170","TALONARIO REPORTE TURBINA Y LUBRICACIÓN","UN",14,{"v":4735.410714285715,"d":"4,735"},{"v":66295.75,"d":"66,295.75"}]
["2024-11-15","2024-11-15","2000","10032171","TALONARIO REPORTE GENERACION Y CONSUMO","UN",13,{"v":370.00076923076927,"d":"370"},{"v":4810.01,"d":"4,810.01"}]
["2024-10-08","2024-10-08","2000","10032333","INDICADOR DIGITAL MMK 2030","UN",2,{"v":92925,"d":"92,925"},{"v":185850,"d":"185,850.00"}]
["2024-11-15","2024-11-15","2000","10032740","DERRETIDO PARA JUNTAS DE CERÁMICA","UN",20,{"v":292.7935,"d":"293"},{"v":5855.87,"d":"5,855.87"}]
["2024-11-05","2024-11-05","2000","10032749","TRANSMISION  AUTOMATIC TOYOTA PRADO 2011","UN",1,{"v":177499.99,"d":"177,500"},{"v":177499.99,"d":"177,499.99"}]
["2024-11-05","2024-11-05","2000","10032749","TRANSMISION  AUTOMATIC TOYOTA PRADO 2011","UN",1,{"v":177499.99,"d":"177,500"},{"v":177499.99,"d":"177,499.99"}]
["2024-11-05","2024-11-05","2000","10032808","TRASMISIÓN AUTOMÁTICA TOYOTA HILUX 2008","UN",1,{"v":177499.99,"d":"177,500"},{"v":177499.99,"d":"177,499.99"}]
["2024-11-05","2024-11-05","2000","10032809","TRANSMISIÓN AUTOMÁTICA ISUZU D-MAX 2011","UN",1,{"v":177499.99,"d":"177,500"},{"v":177499.99,"d":"177,499.99"}]
["2024-11-05","2024-11-05","2000","10032810","TRANSMISIÓN AUTOMÁTICA ISUZU D-MAX 2005","UN",1,{"v":177499.99,"d":"177,500"},{"v":177499.99,"d":"177,499.99"}]
["2024-11-05","2024-11-05","2000","10032810","TRANSMISIÓN AUTOMÁTICA ISUZU D-MAX 2005","UN",1,{"v":177499.99,"d":"177,500"},{"v":177499.99,"d":"177,499.99"}]
["2024-10-28","2024-10-28","2000","10032948","ARRANCADOR SUAVE ELECTRONIC PSR45-600-70","UN",6,{"v":79060,"d":"79,060"},{"v":474360,"d":"474,360.00"}]
["2024-11-26","2024-11-26","2000","10032982","MOTOR ELECTRICO TRIFAC. 0.75KW 6 POLOS","UN",1,{"v":42480,"d":"42,480"},{"v":42480,"d":"42,480.00"}]
["2024-11-26","2024-11-26","2000","10032983","MOTOR ELECTRICO TRIFAC. 5.5KW 6 POLOS","UN",1,{"v":119180,"d":"119,180"},{"v":119180,"d":"119,180.00"}]
["2024-11-26","2024-11-26","2000","10032984","MOTOR ELECTRICO TRIFAC. 15KW 4 POLOS","UN",1,{"v":129800,"d":"129,800"},{"v":129800,"d":"129,800.00"}]
["2024-11-15","2024-11-15","2000","10033272","BALANCÍN PARA INODORO METAL CROMO","UN",25,{"v":135.594,"d":"136"},{"v":3389.85,"d":"3,389.85"}]
["2024-11-15","2024-11-15","2000","10033273","BRIDA FLEX PARA INODORO DE 3 PULG","UN",20,{"v":250.762,"d":"251"},{"v":5015.24,"d":"5,015.24"}]
["2024-11-15","2024-11-15","2000","10033274","BRIDA FLEX PARA ORINAR DE 2 PULG","UN",20,{"v":653.2479999999999,"d":"653"},{"v":13064.96,"d":"13,064.96"}]
["2024-11-26","2024-11-26","2000","11000012","GRAPADORA","UN",40,{"v":125.08,"d":"125"},{"v":5003.2,"d":"5,003.20"}]
["2024-11-26","2024-11-26","2000","11000028","CARPETAS DE 4\"","UN",50,{"v":238.00599999999997,"d":"238"},{"v":11900.3,"d":"11,900.30"}]
["2024-12-30","2024-12-30","2000","11000053","TOALLA PARA COCINA","UN",160,{"v":38.94,"d":"39"},{"v":6230.4,"d":"6,230.40"}]
["2024-12-10","2024-12-10","2000","11000068","AMBIENTADORES AROMATICOS","CA",20,{"v":2180.6400000000003,"d":"2,181"},{"v":43612.8,"d":"43,612.80"}]
["2024-12-10","2024-12-10","2000","11000119","JABON LIMPIOL","CA",50,{"v":159.3,"d":"159"},{"v":7965,"d":"7,965.00"}]
["2024-12-10","2024-12-10","2000","11000121","ESCOBILLA PARA LIMPIAR INODOROS","UN",43,{"v":153.4,"d":"153"},{"v":6596.2,"d":"6,596.20"}]
["2024-11-29","2024-11-29","2000","20001049","INVERSOR 3000V, potencia 3000VA","UN",1,{"v":56545.6,"d":"56,546"},{"v":56545.6,"d":"56,545.60"}]
["2024-10-16","2024-10-16","2005","20001865","JUEGO MICRÓMETROS INTERIORES ANÁLOGO","UN",1,{"v":48508.62,"d":"48,509"},{"v":48508.62,"d":"48,508.62"}]
["2024-10-16","2024-10-16","2005","20001866","MICRÓMETRO PRECISIÓN DIGITAL P/EXTERIOR","UN",1,{"v":38502.22,"d":"38,502"},{"v":38502.22,"d":"38,502.22"}]
["2024-10-16","2024-10-16","2005","20001866","MICRÓMETRO PRECISIÓN DIGITAL P/EXTERIOR","UN",1,{"v":35008.24,"d":"35,008"},{"v":35008.24,"d":"35,008.24"}]
[{"$nulls":8},{"$f":"SUM(I7:I148)","v":{"v":11648324.32,"d":"11,648,324.32"}}]